International Property Assessment Administration : proceedings of the39th Annual International Conference on Assessment administration November 4 - 7, 1973 Miami, Florida

Bibliographic Details
Format: Book
Published: Chicago : International Association of Assessing Officers , 1974
Edition:Volume 6
Subjects:

MARC

LEADER 00000cam a2200000 7i4500
001 0000007956
005 20161123.0
020 |a 0883290766 
040 |a INS 
090 0 0 |a HD1387   |b I53 
245 0 0 |a International Property Assessment Administration :   |b proceedings of the39th Annual International Conference on Assessment administration November 4 - 7, 1973 Miami, Florida 
250 |a Volume 6 
260 |a Chicago :   |b International Association of Assessing Officers ,   |c 1974 
300 |a 324 p. ;   |c 23 cm. 
650 0 0 |a Real property   |x Valuation   |x Congresses 
999 |a 0000023342   |b BOOK   |c Open Shelf   |e Default branch